000 00525nam a22001937a 4500
003 OSt
005 20140310182351.0
008 130930t xxu||||| |||| 00| 0 eng d
020 _a0732312914
050 _aPZ 7
_b.G427 1991
082 _aGS 823
_bW17g 1991
245 _aGhost of a chance /
260 _aAustralia :
_bBudget Books,
_c1991.
300 _a46 p .:
_bcol. ill. ;
_c30 cm.
440 _aChip and dale rescue rangers
_922173
650 _aKiddie Feature.
_95896
942 _2lcc
_cBK-GS
999 _c12364
_d12364